Statistics for F1 Winners: Australian Grand Prix

Click here to take the quiz!

General Stats

  • This quiz has been taken 600 times
    (46 since last reset)
  • The average score is 34 of 38

Answer Stats

SeasonCircuitDriver% Correct
2015Albert ParkLewis Hamilton
100%
2008Albert ParkLewis Hamilton
100%
2023Albert ParkMax Verstappen
100%
2004Albert ParkMichael Schumacher
100%
2001Albert ParkMichael Schumacher
100%
2000Albert ParkMichael Schumacher
100%
2002Albert ParkMichael Schumacher
100%
2017Albert ParkSebastian Vettel
100%
2011Albert ParkSebastian Vettel
100%
2018Albert ParkSebastian Vettel
100%
1991Adelaide Street CircuitAyrton Senna
97%
1993Adelaide Street CircuitAyrton Senna
97%
2006Albert ParkFernando Alonso
97%
2010Albert ParkJenson Button
97%
2009Albert ParkJenson Button
97%
2012Albert ParkJenson Button
97%
1986Adelaide Street CircuitAlain Prost
95%
1988Adelaide Street CircuitAlain Prost
95%
2024Albert ParkCarlos Sainz Jr
95%
1994Adelaide Street CircuitNigel Mansell
95%
2022Albert ParkCharles Leclerc
92%
1985Adelaide Street CircuitKeke Rosberg
92%
2016Albert ParkNico Rosberg
92%
2014Albert ParkNico Rosberg
92%
2019Albert ParkValtteri Bottas
92%
1996Albert ParkDamon Hill
89%
1995Adelaide Street CircuitDamon Hill
89%
2013Albert ParkKimi Räikkönen
89%
2007Albert ParkKimi Räikkönen
89%
1997Albert ParkDavid Coulthard
84%
2003Albert ParkDavid Coulthard
84%
1998Albert ParkMika Häkkinen
84%
1990Adelaide Street CircuitNelson Piquet
82%
1999Albert ParkEddie Irvine
66%
1992Adelaide Street CircuitGerhard Berger
63%
1987Adelaide Street CircuitGerhard Berger
63%
2005Albert ParkGiancarlo Fisichella
63%
1989Adelaide Street CircuitThierry Boutsen
34%

Score Distribution

Percentile by Number Answered

Percent of People with Each Score

Your Score History

You have not taken this quiz since the last reset